000
00282nam a2200121Ia 4500
008
190216s9999||||xx |||||||||||||| ||und||
100
_a
Sivasankaran.T
245
0
_a
Modern Prose Patterns
260
_b
Macmillan India Ltd
300
_a
192
650
_a
English Prose
942
_c
BK
999
_c
13066
_d
13066